<?xml version="1.0" encoding="UTF-8"?>
<record
    xmlns:xsi="http://www.w3.org/2001/XMLSchema-instance"
    xsi:schemaLocation="http://www.loc.gov/MARC21/slim http://www.loc.gov/standards/marcxml/schema/MARC21slim.xsd"
    xmlns="http://www.loc.gov/MARC21/slim">

  <leader>03494cam a22003974a 4500</leader>
  <controlfield tag="001">13106754</controlfield>
  <controlfield tag="003">OSt</controlfield>
  <controlfield tag="005">20231106112909.0</controlfield>
  <controlfield tag="008">030227s2003    paua     f    001 0 eng  </controlfield>
  <datafield tag="010" ind1=" " ind2=" ">
    <subfield code="a">  2003044666</subfield>
  </datafield>
  <datafield tag="020" ind1=" " ind2=" ">
    <subfield code="a">9780781743686</subfield>
  </datafield>
  <datafield tag="020" ind1=" " ind2=" ">
    <subfield code="a">0781743680</subfield>
  </datafield>
  <datafield tag="035" ind1=" " ind2=" ">
    <subfield code="a">(DNLM)101169900</subfield>
  </datafield>
  <datafield tag="040" ind1=" " ind2=" ">
    <subfield code="a">DNLM/DLC</subfield>
    <subfield code="c">LC</subfield>
    <subfield code="d">DLC</subfield>
  </datafield>
  <datafield tag="042" ind1=" " ind2=" ">
    <subfield code="a">pcc</subfield>
  </datafield>
  <datafield tag="050" ind1="0" ind2="0">
    <subfield code="a">RD37.G66</subfield>
  </datafield>
  <datafield tag="082" ind1="0" ind2="0">
    <subfield code="a">617</subfield>
    <subfield code="2">21</subfield>
  </datafield>
  <datafield tag="245" ind1="0" ind2="4">
    <subfield code="a">The Washington manual surgery survival guide. /</subfield>
    <subfield code="c">[edited by] Jeremy Goodman, Nirmal K. Veeramchaneni, Emily R. Winslow.</subfield>
  </datafield>
  <datafield tag="260" ind1=" " ind2=" ">
    <subfield code="a">Philadelphia:</subfield>
    <subfield code="b">Lippincott Williams &amp; Wilkins,</subfield>
    <subfield code="c">2003.</subfield>
  </datafield>
  <datafield tag="300" ind1=" " ind2=" ">
    <subfield code="a">xvii, 321 p. :</subfield>
    <subfield code="b">ill. ;</subfield>
    <subfield code="c">20 cm.</subfield>
  </datafield>
  <datafield tag="440" ind1=" " ind2="0">
    <subfield code="a">Washington manual survival guide series</subfield>
    <subfield code="9">2696</subfield>
  </datafield>
  <datafield tag="500" ind1=" " ind2=" ">
    <subfield code="a">Includes index.</subfield>
  </datafield>
  <datafield tag="505" ind1=" " ind2=" ">
    <subfield code="a">Contents: Keys to survival -- Daily routine for the surgery intern: Organizing your day -- Call night -- Talking to families -- Discharges -- Against medical advice -- Expirations -- Resources: Books -- Internet resources -- Perioperative care and conduct: Preoperative cardiac assessment -- Preoperative blood work and imaging -- Bowel prep -- Preoperative diet -- Preoperative antibiotics -- Preoperative holding area -- Consent -- OR conduct -- Postoperative check -- Radiology and vascular studies: Communicating with the radiology department -- Contrast agents -- Neuroradiology -- Chest radiology -- Abdominal and pelvic radiology -- Interventional radiology -- Vascular studies -- Common calls: Common calls: general procedure -- Chest pain -- Confusion, mental status change and agitation -- Constipation -- Diarrhea -- Fever -- Hypotension -- Hypertension -- Low urine output -- Nausea and vomiting -- Shortness of breath -- Tachycardia -- Diet status -- Falls -- Insomnia -- Lost IV access -- Pain -- "Patient doesn't look right" -- Pharmacy questions -- Wound drainage -- Common problems: Breast -- Esophagus and upper GI -- General abdominal surgery -- Herniorrhaphy -- Laparoscopy -- Liver/Pancreas/Gallbladder -- Lower GI -- Neck -- Abdominal observation patients -- Spleen -- Trauma -- Vascular -- Critical care: Crashing patient -- Codes -- Ventilators -- Invasive monitoring -- Medications -- Bleeding -- Nutrition: Common surgical diets -- Estimating nutritional needs -- Tube feeding -- Total parenteral nutrition -- Nothing by mouth (NPO) -- Diabetes -- Tubes and drains: Nasoenteric tubes -- Surgically placed feeding tubes -- Tracheostomy -- Closed suction drain -- Surgical subspecialties: neurosurgery -- Neurosurgery essentials -- Neurosurgery: general approach -- Approach to common problems in neurosurgery -- Surgery subspecialties: orthopedic surgery -- Orthopedic surgery essentials -- Orthopedic surgery: emergencies -- Approach to orthopedic injuries -- </subfield>
  </datafield>
  <datafield tag="650" ind1=" " ind2="0">
    <subfield code="a">Surgery</subfield>
    <subfield code="v">Handbooks, manuals, etc.</subfield>
    <subfield code="9">320</subfield>
  </datafield>
  <datafield tag="650" ind1=" " ind2="0">
    <subfield code="a">Surgery</subfield>
    <subfield code="x">Study and teaching (Residency)</subfield>
    <subfield code="v">Handbooks, manuals, etc.</subfield>
    <subfield code="9">2697</subfield>
  </datafield>
  <datafield tag="650" ind1="2" ind2="2">
    <subfield code="a">Residency (Medicine)</subfield>
    <subfield code="v">Handbooks, manuals, etc.</subfield>
    <subfield code="9">2699</subfield>
  </datafield>
  <datafield tag="650" ind1="2" ind2="2">
    <subfield code="a">Surgical Procedures, Minor</subfield>
    <subfield code="v">methods</subfield>
    <subfield code="2">Handbooks</subfield>
    <subfield code="9">2701</subfield>
  </datafield>
  <datafield tag="650" ind1="2" ind2="2">
    <subfield code="a">Internship and residency</subfield>
    <subfield code="v">Handbooks</subfield>
    <subfield code="9">2699</subfield>
  </datafield>
  <datafield tag="700" ind1="1" ind2=" ">
    <subfield code="a">Goodman, Jeremy.</subfield>
    <subfield code="9">2700</subfield>
  </datafield>
  <datafield tag="700" ind1="1" ind2=" ">
    <subfield code="a">Veeramachaneni, Nirmal K.</subfield>
    <subfield code="9">2702</subfield>
  </datafield>
  <datafield tag="700" ind1="1" ind2=" ">
    <subfield code="a">Winslow, Emily R.</subfield>
    <subfield code="9">2703</subfield>
  </datafield>
  <datafield tag="856" ind1="4" ind2="2">
    <subfield code="3">Publisher description</subfield>
    <subfield code="u">http://www.loc.gov/catdir/enhancements/fy0712/2003044666-d.html</subfield>
  </datafield>
  <datafield tag="906" ind1=" " ind2=" ">
    <subfield code="a">7</subfield>
    <subfield code="b">cbc</subfield>
    <subfield code="c">orignew</subfield>
    <subfield code="d">1</subfield>
    <subfield code="e">ocip</subfield>
    <subfield code="f">20</subfield>
    <subfield code="g">y-gencatlg</subfield>
  </datafield>
  <datafield tag="942" ind1=" " ind2=" ">
    <subfield code="2">lcc</subfield>
    <subfield code="c">BK</subfield>
  </datafield>
  <datafield tag="999" ind1=" " ind2=" ">
    <subfield code="c">10179</subfield>
    <subfield code="d">17679</subfield>
  </datafield>
  <datafield tag="952" ind1=" " ind2=" ">
    <subfield code="0">0</subfield>
    <subfield code="1">0</subfield>
    <subfield code="2">lcc</subfield>
    <subfield code="4">0</subfield>
    <subfield code="7">0</subfield>
    <subfield code="a">WIUC-KL</subfield>
    <subfield code="b">WIUC-KL</subfield>
    <subfield code="c">NURS L.</subfield>
    <subfield code="d">2023-06-05</subfield>
    <subfield code="l">0</subfield>
    <subfield code="o">RD37.G66</subfield>
    <subfield code="p">KSN/1251/198/23</subfield>
    <subfield code="r">2023-11-06 00:00:00</subfield>
    <subfield code="t">1</subfield>
    <subfield code="w">2023-11-06</subfield>
    <subfield code="y">BK</subfield>
  </datafield>
  <datafield tag="952" ind1=" " ind2=" ">
    <subfield code="0">0</subfield>
    <subfield code="1">0</subfield>
    <subfield code="2">lcc</subfield>
    <subfield code="4">0</subfield>
    <subfield code="7">0</subfield>
    <subfield code="a">WIUC-KL</subfield>
    <subfield code="b">WIUC-KL</subfield>
    <subfield code="c">NURS L.</subfield>
    <subfield code="d">2023-06-05</subfield>
    <subfield code="l">0</subfield>
    <subfield code="o">RD37.G661</subfield>
    <subfield code="p">KSN/1252/199/23</subfield>
    <subfield code="r">2023-11-06 00:00:00</subfield>
    <subfield code="t">2</subfield>
    <subfield code="w">2023-11-06</subfield>
    <subfield code="y">BK</subfield>
  </datafield>
</record>
